1545 1027 1469 1359 1974 1663 1336 1292 1202 1216 1662 1847 1901 1008 1181 1760 1792 1364 1113 1065 1991 1396 1202 1254 1900 1840 1025 1400 1341 1439 1456 1249 1987 1508 1337 1186 1301 1654 1271 1909 1378 1731 1435 1331 1539 1299 1970 1242 1161 1055 1323 1827 1826 1128 1388 1266 1786 1171 1128 1998 1272 1663 1845 1198 1655 1505 1496 1603 1812 1418 1769 1968 1682 1776 1641 1478 1070 1155 1045 1922 1607 1679 1758 1425 1013 1771 1528 1337 1877 1020 1887 1431 1639 1872 1940 1384 1219 1651 1345 BCNSPRNW ULIB Ver.6.0+V

เปลี่ยนเป็นภาษาไทย

Change to English
 แสดงรายละเอียดบรรณานุกรม
  กลับหน้าหลัก

Brief Record : Get Marc (ISO 2709) : E-mail record : QR code < ปิดหน้าต่าง
LEADER : 00000nam a2200445 i 4500
001    13399114502
003     ULIB
008    110919s20122012us a b 001 0 eng d
020    ^a9780763749439
060 04 ^aWY156^bQ1
245 00 ^aQuality of life :^bfrom nursing and patient perspectives :
250    ^a3rd ed.
260    ^aSudbury, MA :^bJones & Bartlett Learning,^cc2012.
300    ^axxi, 570 pages :^billustrations ;^c23 cm.
500    ^aSend to Single Search
504    ^aIncludes bibliographical references and index.
650  2 ^aNeoplasms^xnursing.
650  2 ^aQuality of Life.
650  2 ^aNeoplasms^xpsychology.
700 1  ^aKing, Cynthia R.,^eed.
700 1  ^aHinds, Pamela S.,^eed.
945    ^p0^l0^i031622
995    ^a Kesorn
999 ^a ใช้งานได้ทุกระบบ
รายการนี้ยังไม่มีแท็ก
คุณยังไม่ได้ล็อกอิน คุณสามารถมีกิจกรรมร่วมกับเว็บไซต์ได้ แต่ต้องล็อกอินก่อน ::
  ล็อกอิน

รายการสื่อสารสนเทศ

ลำดับที่ ประเภท เลขเรียก/บาร์โค้ด สถานที่ สถานะ
- ไม่พบข้อมูล -

BibComment


ยังไม่เคยถูกคอมเมนท์

คอมเมนท์ทรัพยากรรายการนี้
  คอมเมนท์: Quality of life ..


 Copyright 2026. Bcnsprnw @Library